MARC details
| 000 -CABECERA |
| campo de control de longitud fija |
01133nam a2200277 a 4500 |
| 001 - NÚMERO DE CONTROL |
| campo de control |
000023881 |
| 005 - FECHA Y HORA DE LA ÚLTIMA TRANSACCIÓN |
| campo de control |
20200930022535.0 |
| 008 - DATOS DE LONGITUD FIJA--INFORMACIÓN GENERAL |
| campo de control de longitud fija |
110115s1975 ru a r 000 0 spa d |
| 040 ## - FUENTE DE LA CATALOGACIÓN |
| Centro catalogador/agencia de origen |
DO-SdBNP |
| Lengua de catalogación |
spa |
| Centro/agencia transcriptor |
BNPHU |
| 041 17 - CÓDIGO DE LENGUA |
| Código de lengua del texto/banda sonora o título independiente |
spa |
| Código de lengua original |
rus |
| Fuente del código |
Código de idiomas MARC |
| 082 ## - NÚMERO DE LA CLASIFICACIÓN DECIMAL DEWEY |
| Número de clasificación |
355.021373 |
| Número de documento/Ítem |
F219e |
| 049 ## - FONDOS LOCALES (OCLC) |
| Fondos de biblioteca |
BNGR |
| 100 1# - ENTRADA PRINCIPAL--NOMBRE DE PERSONA |
| Nombre de persona |
Faramazián, Rachek Artashesovich, |
| 9 (RLIN) |
49128 |
| 240 10 - TÍTULO UNIFORME |
| Título uniforme |
США: милитаризм и экономика. |
| Lenguaje de la obra |
Español. |
| 245 14 - MENCIÓN DE TÍTULO |
| Título |
Los Estados Unidos : |
| Resto del título |
militarismo y economía / |
| Mención de responsabilidad, etc. |
R. Faramazián ; traducción de José María Guell y Ricardo San Vicente. |
| 260 ## - PUBLICACIÓN, DISTRIBUCIÓN, ETC. |
| Lugar de publicación, distribución, etc. |
Moscú : |
| Nombre del editor, distribuidor, etc. |
Progreso, |
| Fecha de publicación, distribución, etc. |
1975. |
| 300 ## - DESCRIPCIÓN FÍSICA |
| Extensión |
316 p. : |
| Otras características físicas |
il. ; |
| Dimensiones |
21 cm. |
| 490 1# - MENCIÓN DE SERIE |
| Mención de serie |
Progreso. Problemas actuales |
| 504 ## - NOTA DE BIBLIOGRAFÍA, ETC. |
| Nota de bibliografía, etc. |
Incluye referencias bibliográficas y notas al pie de las páginas. |
| 534 ## - NOTA SOBRE LA VERSIÓN ORIGINAL |
| Frase introductoria |
Título original en ruso: |
| Mención de título del original |
США: милитаризм и экономика. |
| 650 #4 - PUNTO DE ACCESO ADICIONAL DE MATERIA--TÉRMINO DE MATERIA |
| Término de materia o nombre geográfico como elemento de entrada |
Militarismo |
| Subdivisión geográfica |
Estados Unidos |
| 9 (RLIN) |
49129 |
| 650 #4 - PUNTO DE ACCESO ADICIONAL DE MATERIA--TÉRMINO DE MATERIA |
| Término de materia o nombre geográfico como elemento de entrada |
Administración militar |
| 9 (RLIN) |
49130 |
| 700 1# - PUNTO DE ACCESO ADICIONAL--NOMBRE DE PERSONA |
| Nombre de persona |
Guell, José María, |
| Término indicativo de función/relación |
tr. |
| 9 (RLIN) |
49131 |
| 700 1# - PUNTO DE ACCESO ADICIONAL--NOMBRE DE PERSONA |
| Nombre de persona |
San Vicente, Ricardo, |
| Término indicativo de función/relación |
tr. |
| 9 (RLIN) |
49132 |
| 830 #0 - PUNTO DE ACCESO ADICIONAL DE SERIE-TÍTULO UNIFORME |
| Título uniforme |
Progreso. Problemas actuales |
| 9 (RLIN) |
49133 |